000 00657nam a2200241Ia 4500
003 OSt
005 20220928113711.0
006 a|||||r|||| 00| 0
007 ta
008 220927b |||||||| |||| 00| 0 eng d
024 _a66406
037 _cTextual
040 _aSDCL
_cSDCL
_beng
041 _2eng
_aeng
082 _aX:51, P5
100 _aDavis John
_9434533
245 0 _aMagic numbers for consumer marketing
_bKey measures to evaluate maeketing success
260 _aSingapore
_bJohn Wiley
_c2005
300 _avii,309p
_ccm.
650 _aMarketing
942 _hX:51, P5
_cTEXL
_2CC
999 _c750854
_d750854